00547nam a2200157Ia 4500008004100000041000800041082001600049100002200065245002000087260005100107300001400158700002600172906001300198999001700211952016100228220530s9999 xx 000 0 und d aeng a891.46bNIL aNilakant V956167 aChanging Tracks aUttar PradeshbHarper Collins Publishersc2009 a218 PbPB a Ramnarayan S 956168 a79.8bGB c51002d51002 001040708Non Technical aCEWNbCEWNd2012-03-26eVidharabha Stationersg399.00o891.46pCEWN-BK-3201r2022-05-30 00:00:00v319.20w2022-05-30yBKz003201